000 00331nam a2200133Ia 4500
005 20260326100028.0
008 260326s9999||||xx |||||||||||||| ||und||
100 _ade Mesa, José
245 0 _aArte y Arqueología /
_cJosé de Mesa
260 _bUniversidad Mayor de San Andrés
300 _a137 p.
650 _aARTE
942 _cBK
999 _c6478
_d6478